000 00639nam a2200241 a 4500
001 nice12345678
003 IN_TiNIC
005 20260116013327.0
008 050524s1993 dela grp 000 0 eng
020 _a8185574
_c200
082 0 0 _a230.046
_bKOC
100 _aKochuthara, Thomas
245 _aTheology of Liberation and Ideology Critique
260 _aDelhi
_bIntercultural Publications
_c1993
300 _a283p
500 _aincludes index and biblioraphy
505 2 _aBibliography, Index
650 _aLiberation-Theology
700 1 _aKochuthara, Thomas
902 _bSRS
942 _cBK
999 _c10572
_d10572